Podnikanie v oblasti tradingu a faktory ovplyvňujúce pohyby na trhoch bakalárska práca

Saved in:
Bibliographic Details
Main Author: Šupák, Peter
Corporate Author: Obchodná fakulta EU. Katedra informatiky obchodných firiem
Other Authors: Potisková, Ingrid
Format: Book
Language:Slovak
Published: Bratislava 2010
Tags: Add Tag
No Tags, Be the first to tag this record!

MARC

LEADER 00000nam$a2200000$$$4500
001 0134604
005 20240320074356.6
041 0 |a slo 
044 |a SK 
245 1 0 |a Podnikanie v oblasti tradingu a faktory ovplyvňujúce pohyby na trhoch  |b bakalárska práca  |c Peter Šupák ; školiteľ: Ingrid Potisková 
264 1 |a Bratislava  |c 2010 
300 |a 42 s. 
100 1 |a Šupák, Peter 
700 1 |a Potisková, Ingrid 
710 2 |a Obchodná fakulta EU. Katedra informatiky obchodných firiem